000 00435nam a2200181Ia 4500
005 20250603145104.0
008 250603s9999 xx 000 0 und d
020 _a9789785968170
050 _aTH 4812 .J65/
100 _aJolaoso, Adekoyejo B.
245 0 _aHousing and indigenous building technology
260 _aOgun State
260 _bDESI-GGA
260 _c2022
300 _a170 p
650 _aOgun State
942 _cBK
999 _c40837
_d40837